000 01085pam a2200325 a 4500
001 2315096
003 Ke-BoTe
005 20220516091645.0
008 810903s1982 mouaf b 001 0 eng
010 _a 81014161
020 _a0801610354
040 _aDLC
_cDLC
_dDLC
050 0 0 _aRC350.5
_b.C36 1982
060 _aWY 160 C277c
082 0 0 _a610.73/68
_219
100 1 _aCarini, Esta.
_95456
240 1 0 _aNeurological and neurosurgical nursing
245 1 0 _aCarini and Owens' Neurological and neurosurgical nursing /
_cBarbara Lang Conway-Rutkowski.
250 _a8th ed.
260 _aSt. Louis :
_bC.V. Mosby Co.,
_c1982.
300 _ax, 803 p., [1] leaf of plates :
_bcol ill . ;
_c24 cm .
504 _aIncludes bibliographies and index.
650 0 _aNeurological nursing.
_95400
650 2 _aNervous system diseases
_xNursing.
_95414
700 1 _aOwens, Guy,
_d1926-
_95457
700 1 _aRutkowski, Barbara Lang,
_d1945-
_95458
740 0 _aNeurological and neurosurgical nursing.
906 _a7
_bcbc
_corignew
_d1
_eocip
_f19
_gy-gencatlg
942 _2lcc
_cBK
_n0
999 _c2674
_d2674